| 000 | 00973nmm a2200289 a 4500 | ||
|---|---|---|---|
| 003 | AR-BaBNM | ||
| 005 | 20251128210106.0 | ||
| 008 | 199019s1995 ||||||||||||||000 | spa|| | ||
| 040 | _cAR-BaBNM | ||
| 245 | 1 | 0 |
_aFichas de ejercitación 1er ciclo ciencias sociales _bcontenidos educativos y propuestas didácticas |
| 250 | _a1ª ed. | ||
| 260 |
_aBuenos Aires _bVocación Docente _c1995 |
||
| 300 | 0 |
_bil. _a[ca. 40 p.] |
|
| 500 | 0 | _aLas fichas corresponden al texto Contenidos básicos comunes 1er ciclo ciencias sociales | |
| 650 | 4 | _aFICHAS ESCOLARES | |
| 650 | 4 | _aGUIA DEL DOCENTE | |
| 650 | 4 | _aACTIVIDADES DE APRENDIZAJE | |
| 650 | 4 | _aCIENCIAS SOCIALES | |
| 650 | 4 | _aENSENANZA DE LA HISTORIA | |
| 650 | 4 | _aENSENANZA DE LA HISTORIA | |
| 653 | 0 | _aEDUCACION GENERAL BASICA | |
| 653 | 0 | _aCONTENIDOS BASICOS COMUNES | |
| 700 | 1 |
_aGarcía de Settembrino, Zulema _ecoordinador |
|
| 700 | 1 |
_aSánchez, Rosario _ecoordinador |
|
| 942 | _cBK | ||
| 998 | _cCarmen | ||
| 999 |
_c14008 _d14008 |
||